| 000 | 00342nam a2200145Ia 4500 | ||
|---|---|---|---|
| 008 | 230312s9999||||xx |||||||||||||| ||und|| | ||
| 020 | _a0-340-81664-6 | ||
| 082 |
_a618 _bGYN |
||
| 245 | 0 | _aGynaecology by Ten Teachers | |
| 260 |
_bBook Power _aIndia _c2006 |
||
| 300 | _a245 | ||
| 546 | _aEng. | ||
| 650 |
_aMedical _vGynaecology |
||
| 942 | _cBK | ||
| 999 |
_c5593 _d5593 |
||